K-pop 2024 mvs - Statistics

General Stats
  • This quiz has been taken 90 times
  • The average score is 36 of 64
Answer Stats
Picture Answer % Correct
Apt
99%
Wife
93%
Crazy
87%
Magnetic
87%
Ice on My Teeth
84%
Rockstar
84%
Whiplash
84%
Supernova
83%
Mantra
81%
Toxic
81%
ABCD
79%
Drip
77%
Smart
77%
Sheesh
76%
Toxic Till The End
76%
Easy
74%
Ggum
74%
Strategy
74%
Forever
73%
Sticky
73%
Tick Tack
71%
Armageddon
70%
Maestro
70%
XO (Only if you Love Me)
70%
Spot
69%
Super Lady
67%
Chk Chk Boom
61%
Get Loud
61%
Heya
59%
Meow
59%
New Woman
59%
Work
57%
Click Clack
56%
Number One Girl
56%
Cherish (My Love)
54%
Gold
54%
How Sweet
53%
Klaxon
51%
Untouchable
51%
Lucky Girl Syndrome
50%
Midas Touch
50%
Dash
46%
No Doubt
46%
Boom Boom Bass
44%
Cosmic
44%
Born to Be
43%
Badvillain
41%
Freak
41%
Izna
41%
Walkin on Water
41%
Accendio
40%
One Spark
37%
Imaginary Friend
34%
Lose My Breath
34%
Mr.Vampire
34%
Shhh!
29%
Shooting Star
26%
Killin' It
24%
See That?
24%
Soñar
24%
Like a Flower
21%
Identity
20%
Cheeky Icy Thang
10%
Zoom
7%
No matching quizzes found
Score Distribution
Percent of People with Each Score
Percentile by Number Answered
Your Score History
You have not taken this quiz